|
|
|
|
| LEADER |
01385nam a2200325 a 4500 |
| 001 |
13797522 |
| 008 |
110403s2004 ii b 000 0 eng |
| 010 |
|
|
|a 2004464023
|
| 020 |
|
|
|a 8126903740
|
| 040 |
|
|
|a DLC
|c DLC
|d DLC
|d BD-DhAAL
|
| 043 |
|
|
|a e------
|
| 050 |
0 |
0 |
|a HM753
|b .C85 2004
|
| 082 |
0 |
0 |
|a 940
|2 21
|
| 245 |
0 |
0 |
|a Cultural identity in transition :
|b contemporary conditions, practices, and politics of a global phenomenon /
|c edited by Jari Kupiainen, Erkki Sevänen, John A. Stotesbury.
|
| 260 |
|
|
|a New Delhi :
|b Atlantic Publishers & Distributors,
|c c2004.
|
| 300 |
|
|
|a x, 444 p. ;
|c 23 cm.
|
| 504 |
|
|
|a Includes bibliographical references.
|
| 541 |
1 |
|
|e 00013705
|
| 650 |
|
0 |
|a Group identity.
|
| 650 |
|
0 |
|a Group identity
|z Europe.
|
| 650 |
|
0 |
|a Ethnicity
|z Europe.
|
| 650 |
|
0 |
|a Globalization
|x Social aspects.
|
| 650 |
|
0 |
|a Information technology
|x Social aspects.
|
| 700 |
1 |
|
|a Kupiainen, Jari.
|
| 700 |
1 |
|
|a Sevänen, Erkki,
|d 1954-
|
| 700 |
1 |
|
|a Stotesbury, John.
|
| 852 |
|
|
|a Ayesha Abed Library
|c General Shelf.
|
| 999 |
|
|
|c 10624
|d 10624
|
| 952 |
|
|
|0 0
|1 0
|2 ddc
|4 0
|6 940_000000000000000_CUL
|7 0
|9 15965
|a BRACUL
|b BRACUL
|c GEN
|d 2011-04-03
|g 1240.00
|l 0
|o 940 CUL
|p 3010013705
|r 2011-04-03
|t 1
|w 2011-04-03
|y BK
|
| 952 |
|
|
|0 0
|1 0
|2 ddc
|4 0
|6 940_CUL_200400000000000
|7 0
|9 15966
|a BRACUL
|b BRACUL
|c GEN
|d 2011-04-03
|l 1
|o 940 CUL
|p 3010015726
|r 2023-05-23
|s 2023-05-15
|t 2
|w 2011-04-03
|y BK
|